/ تزکے بابری (Record no. 105993)
[ view plain ]
| 000 -LEADER | |
|---|---|
| fixed length control field | 00957nam a22002657a 4500 |
| 005 - DATE AND TIME OF LATEST TRANSACTION | |
| control field | 20170123162301.0 |
| 010 ## - LIBRARY OF CONGRESS CONTROL NUMBER | |
| LC control number | B-070122 |
| 020 ## - INTERNATIONAL STANDARD BOOK NUMBER | |
| Terms of availability | 140.00 |
| International Standard Book Number | 8186632719 |
| 035 ## - SYSTEM CONTROL NUMBER | |
| System control number | B-070122 |
| 037 ## - SOURCE OF ACQUISITION | |
| Source of stock number/acquisition | Cen Lib/Ret |
| 040 ## - CATALOGING SOURCE | |
| Original cataloging agency | DPL |
| Language of cataloging | UR |
| 082 ## - DEWEY DECIMAL CLASSIFICATION NUMBER | |
| Classification number | 954.022 |
| 100 ## - MAIN ENTRY--PERSONAL NAME | |
| Personal name | بابر, زاہرددیں |
| 9 (RLIN) | 142105 |
| 245 ## - TITLE STATEMENT | |
| Title | / تزکے بابری |
| Statement of responsibility, etc | زاہرددیں بابر؛ مترجم رشید اخرندوی |
| 246 ## - VARYING FORM OF TITLE | |
| Title proper/short title | Tuzke babri |
| Remainder of title | by Zaheeruddin Babar |
| 260 ## - PUBLICATION, DISTRIBUTION, ETC. (IMPRINT) | |
| Place of publication, distribution, etc | دہلی |
| Name of publisher, distributor, etc | مکطبل حسنات |
| Date of publication, distribution, etc | 2002 |
| 270 ## - ADDRESS | |
| Address | سسسلا مطبوعات نمبر ٢٩١ |
| City | دہلی |
| Postal code | 110002 |
| 300 ## - PHYSICAL DESCRIPTION | |
| Extent | 287p. |
| Dimensions | 20cm(Hb) |
| 650 ## - SUBJECT ADDED ENTRY--TOPICAL TERM | |
| Topical term or geographic name as entry element | ہندوستانی تاریخ |
| 9 (RLIN) | 410 |
| 650 ## - SUBJECT ADDED ENTRY--TOPICAL TERM | |
| Topical term or geographic name as entry element | ہندوستانی تاریخ |
| Form subdivision | مغل مدت |
| 9 (RLIN) | 411 |
| 650 ## - SUBJECT ADDED ENTRY--TOPICAL TERM | |
| Topical term or geographic name as entry element | History of India |
| 9 (RLIN) | 142106 |
| 650 ## - SUBJECT ADDED ENTRY--TOPICAL TERM | |
| Form subdivision | |
| Topical term or geographic name as entry element | History of India |
| General subdivision | Mughal period |
| 9 (RLIN) | 142107 |
| 700 ## - ADDED ENTRY--PERSONAL NAME | |
| Personal name | رشید اخترندوی |
| 9 (RLIN) | 142108 |
| 942 ## - ADDED ENTRY ELEMENTS (KOHA) | |
| Source of classification or shelving scheme | Dewey Decimal Classification |
| Koha item type | Urdu Bks |
| Classification part | 954.022 |
| Call number suffix | ب ا ب |
| Withdrawn status | Lost status | Damaged status | Not for loan | Collection code | Home library | Current library | Date acquired | Source of acquisition | Cost, normal purchase price | Total Checkouts | Full call number | Barcode | Date last seen | Copy number | Cost, replacement price | Price effective from | Koha item type |
|---|---|---|---|---|---|---|---|---|---|---|---|---|---|---|---|---|---|
| Not For Loan | Reference | Central Library | Central Library | 26/05/2015 | Cen Lib/Ret | 140.00 | 954.022 | B-70122 | 26/05/2015 | 1 | 140.00 | 15/09/2016 | Urdu Bks | ||||
| Not For Loan | Reference | Central Library | Central Library | 23/03/2016 | 954.022 | B-070122 | 23/03/2016 | 23/03/2016 | Urdu Bks |
